CBU Courier : Issue No. July, 1997 (Record no. 79217)

MARC details
000 -LEADER
fixed length control field 00679nam a2200145 a 4500
008 - FIXED-LENGTH DATA ELEMENTS--GENERAL INFORMATION
fixed length control field 220712s1997 ||||||||||||||||| || u
050 ## - LIBRARY OF CONGRESS CALL NUMBER
Classification number CBU(05)C/1997/4
110 ## - MAIN ENTRY--CORPORATE NAME
Corporate name or jurisdiction name as entry element Copperbelt University
245 10 - TITLE STATEMENT
Title CBU Courier : Issue No. July, 1997
Statement of responsibility, etc. By The Copperbelt University(CBU)
260 ## - PUBLICATION, DISTRIBUTION, ETC.
Place of publication, distribution, etc. Kitwe
Name of publisher, distributor, etc. Copperbelt University
Date of publication, distribution, etc. 1997
300 ## - PHYSICAL DESCRIPTION
Extent 3 pages
650 ## - SUBJECT ADDED ENTRY--TOPICAL TERM
Topical term or geographic name entry element COPPERBELT UNIVERSITY--PERIODICALS
995 ## -
-- SPECIAL COLLECTIONS
-- 4917
-- CBU-MAIN LIBRARY (Kitwe)
-- CBU(05)C/1997/4B
-- 2
-- AVAILABLE
-- Jul 12, 2022
-- B4917
-- University Collection
995 ## -
-- SPECIAL COLLECTIONS
-- 4916
-- CBU-MAIN LIBRARY (Kitwe)
-- CBU(05)C/1997/4A
-- 1
-- AVAILABLE
-- Jul 12, 2022
-- B4916
-- University Collection
999 ## -
-- 79217
-- 79217

No items available.